000 00523nam a2200229 a 4500
001 nice12345678
003 IN_TiNIC
005 20260116011448.0
008 050524s1904 a grp 000 0 per
020 _a
_c100
082 0 0 _a201
_bPEA2
100 _aPearson, A
245 _aFaqie Ghani
_b Sarguzasht-E-George Miller
260 _a
_b
_c1904
300 _a210p
500 _aincludes index and biblioraphy
505 2 _aIll
650 _aChristian-Biography
902 _bSRS
942 _cBK
999 _c1747
_d1747